Fireplaces: adding improving heat saving systems stoves

Salvato in:
Dettagli Bibliografici
Autori principali: Jones, Robert (Autore), Burch, Monte (Autore)
Natura: Libro
Lingua:inglese
Pubblicazione: Upper Saddle River Creative Homeowner Press 1980
Soggetti:
Tags: Aggiungi Tag
Nessun Tag, puoi essere il primo ad aggiungerne!!

MARC

LEADER 00000nam a2200000 a 4500
001 UCV8070
003 CL-VaPUC
008 900515e19800000US |||||||||||||||||eng|d
082 0 4 |a 721.8  |b JON  |2 21 
100 0 |a Jones, Robert  |e author  |9 302151 
700 0 |a Burch, Monte  |e author  |9 302152 
245 1 0 |a Fireplaces: adding improving heat saving systems stoves 
300 |a 128 p 
942 |c BK 
945 |d 19900515 00:00:00 
260 |a Upper Saddle River  |b Creative Homeowner Press  |c 1980 
650 7 |a CHIMENEAS  |2 CL-VaPUC  |9 266007 
650 0 |a Diseño y construcción  |9 260862 
583 |a last modification  |c 20180308 11:23:38  |k Rodrigo Vera 
999 |c 213653  |d 213651 
952 |0 0  |1 0  |4 0  |6 721_800000000000000_JON_1980  |7 0  |8 P  |9 196239  |a BIBARQ  |b BIBARQ  |d 2019-11-14  |i 264147K  |o 721.8 JON 1980  |p 264147K  |r 2025-01-20  |w 2019-11-14  |y BK  |k ARQ